000 00408nam a2200169Ia 4500
001 2444
003 IN-NITTTR
005 20251114232931.0
008 251113s9999||||xx |||||||||||||| ||eng||
040 _beng
040 _cIN-NITTTR
041 _aeng
082 _a519.92 V211I
100 _aVajda, S.
245 0 _aIntroduction to linear programming and the theory of games /
_cVajda, S.
942 _2ddc
_cBK
999 _c3804
_d3804